| 000 | 00538nam a2200145 a 4500 | ||
|---|---|---|---|
| 008 | 120416s1976 ||||||||||||||||| || u | ||
| 050 | _aHX 542 Gou | ||
| 100 | _aGouldner, Alvin Ward, 1920 | ||
| 245 | 1 | 4 | _aThe dialect of ideology and technology |
| 246 | _athe origins, grammar, and future of ideology | ||
| 260 |
_aLondon _bMcMillan _c1976 |
||
| 300 | _axvi, 304p. | ||
| 350 | _a0.00 | ||
| 995 |
_D0.00 _FCBU-MAIN LIBRARY (Kitwe) _H1 _I0.00 _UAVAILABLE _ZAnnex Low-Usage Collection |
||
| 999 |
_c40061 _d40061 |
||